Online
Catalog

Metodología para la formación de la conciencia crítica : (Record no. 28753)

MARC details
000 -CABECERA
campo de control de longitud fija 00499nam a2200157 a 4500
001 - NÚMERO DE CONTROL
campo de control 000029261
005 - FECHA Y HORA DE LA ÚLTIMA TRANSACCIÓN
campo de control 20200930055431.0
008 - DATOS DE LONGITUD FIJA--INFORMACIÓN GENERAL
campo de control de longitud fija 110414s1987 dr r 000 0 spa d
040 ## - FUENTE DE LA CATALOGACIÓN
Centro catalogador/agencia de origen DO-SdBNP
Lengua de catalogación spa
Centro/agencia transcriptor BNPHU
082 ## - NÚMERO DE LA CLASIFICACIÓN DECIMAL DEWEY
Número de clasificación xxxx
Número de documento/Ítem V715
100 1# - ENTRADA PRINCIPAL--NOMBRE DE PERSONA
Nombre de persona Villamán, Marcos
9 (RLIN) 760
245 10 - MENCIÓN DE TÍTULO
Título Metodología para la formación de la conciencia crítica :
Resto del título dimensión valorativa /
Mención de responsabilidad, etc. Marcos Villamán.
260 ## - PUBLICACIÓN, DISTRIBUCIÓN, ETC.
Lugar de publicación, distribución, etc. Santo Domingo :
Nombre del editor, distribuidor, etc. Centro Poveda,
Fecha de publicación, distribución, etc. 1987.
300 ## - DESCRIPCIÓN FÍSICA
Extensión 32 p. ;
Dimensiones 14 cm.
500 ## - NOTA GENERAL
Nota general Folleto no. 2
Holdings
Estado de retiro Estado de pérdida No para préstamo Código de colección Localización permanente Ubicación/localización actual Ubicación en estantería Fecha de adquisición Número de inventario Total de préstamos Signatura topográfica completa Código de barras Fecha visto por última vez Precio válido a partir de Tipo de ítem Koha Número de copia
    Excluido de préstamo Patrimonio Dominicano Patrimonio Dominicano Patrimonio Dominicano Depósito 14.04.2011 LF1   xxxx V715 29261-10 25.06.2020 25.06.2020 Libro y Folleto Colección Patrimonio Dominicano  
  Extraviado Excluido de préstamo Patrimonio Dominicano Patrimonio Dominicano Patrimonio Dominicano Extraviado 14.04.2011 LF1   xxxx V715 29261-20 25.06.2020 25.06.2020 Libro y Folleto Colección Patrimonio Dominicano e. 2

Powered by Koha